Представление документа в формате RUSMARC

ПолеНазваниеЗначение
  Тип записи a
  Библиографический уровень c
001 Контрольный номер RU/SLIB/B/208753523
005 Дата корректировки 20201206204142.3
010 Индекс ISBN __
d Цена 0-25
101 Язык документа __
a Язык текста rus
200 Заглавие и сведения об ответственности __
a Заглавие Работа с детским хором
e Сведения, относящиеся к заглавию сб. ст.
b Общее обозначение материала Текст
210 Выходные данные __
a Место издания М.
c Издательство Музыка
d Дата издания 1981
215 Физическое описание __
a Объем 70 с.
606 Тематические рубрики __
a Основная рубрика Музыка и зрелищные искусства
606 Тематические рубрики __
a Основная рубрика Вокальная музыка
610 Ключевые слова __
a Ключевые слова вокальные произведения; детские хоры; хоровая музыка; музыкальные произведения; обучение пению
686 Индексы других классификаций __
a Классификационный индекс 85.314; ст85.314
801 Источник записи _0
a Страна RU
b Организация Муниципальное бюджетное учреждение культуры "Централизованная библиотечная система" г. Сургут (Центральная городская библиотека им. А. С. Пушкина)
g Правила каталогизации КиК/Уланова
801 Источник записи _1
a Страна RU
b Организация Муниципальное бюджетное учреждение культуры "Централизованная библиотечная система" г. Сургут (Центральная городская библиотека им. А. С. Пушкина)
g Правила каталогизации КиК/Уланова
852 Данные о местонахождении __
j Шифр хранения 85.314
c Каталожный индекс 85.314
i Авторский знак Р 13
p Инвентарный номер 9860
901 Тип документа __
t Тип документа x
969 Тип издания __
a Тип издания сборник
990 Данные о заказе (DOS) __
j Количество экземпляров (DOS) 1